000 01008nam a22003737a 4500
001 BR0500278
003 BR-BrBNA
005 20230928101811.0
007 ta
008 230509b bl.||||| |||| 00| 0 por d
040 _aBR-BrBNA
_bpor
_cBiblioteca Nacional de Agricultura
041 _a(Por)
072 _aF01; C20
_b1122
090 _ 1122 BR0500278
100 1 _aAraújo Filho, G.C. de
110 1 _aInstituto Centro de Ensino Tecnológico, Fortaleza, CE (Brasil)
_95957
245 1 _aProdutor de mamão
_bCadernos Tecnológicos
260 3 _aFortaleza, CE (Brasil):
_c2002.
300 _a72 p.
500 _a21 ref.; 12 tables; 48 illus.
650 _aMAMÃO
650 _aPRÁTICA CULTURAL
650 _aEXTENSÃO RURAL
650 _aVARIEDADE
650 _aMUDA
650 _aPOMAR
650 _aADUBAÇÃO
650 _aPRAGA DE PLANTA
650 _aDOENÇA DE PLANTA
650 _aCOLHEITA
650 _aEMBALAGEM
909 _a202309
_bLucia
_c55
_dLucia Elande
942 _cBK
999 _c67653
_d67653